000 00748nam a22002177a 4500
999 _c7731
_d7731
003 OSt
005 20220222120945.0
008 220222b ||||| |||| 00| 0 eng d
020 _a0521580994
040 _cddc
082 _a530.4 MOS 2000
100 _aMoskalenko, S. A.: D.W. Snoke
_915779
245 _aBose-Einstein Condensation of Excitons and Biexcitons :
_bAnd Coherent Nonlinear Optics with Excitons
260 _a New York :
_bCambridge University Press;
_c2000
300 _axiii, 415 pages :
_b illustrations ;
_c26 cm
504 _aIncludes bibliographical references and indexes
650 _aExciton theory.
_915780
650 _aBose-Einstein condensation.
_915781
650 _aNonlinear optics.
_913589
942 _2ddc
_cBOOK